Song Quotes: Who Said What - Statistics

General Stats
  • This quiz has been taken 6 times
  • The average score is 6 of 21
Answer Stats
Quote Singer % Correct
"Wish you were here." Pink Floyd
100%
"Take my love, take it down. I climbed a mountain, and I turned around." Fleetwood Mac
80%
"At first I was afraid, I was petrified. Kept thinking I could never live without you by my side." Gloria Gaynor
80%
"You can't always get what you want, but if you try sometimes, well, you might find, you get what you need." Rolling Stones
80%
"And in the end, the love you take is equal to the love you make." The Beatles
80%
"Love will tear us apart again." Joy Division
40%
"And if you never bleed, you're never gonna grow." Taylor Swift
40%
"But you see, it's not me, it's not my family / In your head, in your head, they are crying" The Cranberries
40%
"Life is what happens to you, while you're busy making other plans." John Lennon
20%
"Take your time, don't live too fast. Troubles will come and they will pass." Lynyrd Skynyrd
20%
"Love ain't for the young anyhow. Something that you learn from fallin' down." Alex G
0%
"I just want you close, where you can stay forever." Alicia Keys
0%
"I be in and out them banks so much, I know they tired of me." Cardi B
0%
"I could've stayed where I was and have a life you'd be proud of, but I'd rather chase things never thought of." Childish Gambino
0%
"You fondle my trigger, then you blame my gun." Fiona Apple
0%
"I care for myself the way I used to care about you." Lorde
0%
"If you ever need anything, please don't hesitate to ask someone else first." Nirvana
0%
"And I'd leave you, but the roller coaster's all I've ever had." Olivia Rodrigo
0%
"Love ain't for the young anyhow. Something that you learn from fallin' down." Radiohead
0%
"Somebody crowd me with love. Somebody force me to care. Somebody let me come through... to help us survive being alive." Stephen Sondheim
0%
"If you're so funny, then why are you on your own tonight?" The Smiths
0%
No matching quizzes found
Score Distribution
Percent of People with Each Score
Percentile by Number Answered
Your Score History
You have not taken this quiz